000
00279nam a2200109Ia 4500
008
220204s9999 xx 000 0 und d
082
_a
519.218.2
_b
KUE
245
0
_a
Probability on branch spaces
260
_a
New York
_b
Marcel Dekker
_c
1978
700
_a
KUELBS, James
942
_c
BK
999
_c
31400
_d
31400